Retour vers le Futur - Expert - Statistiques

Statistiques générales
  • Ce quiz a été pris 359 fois
  • Le résultat moyen est 7 sur 20
Statistiques - réponses
Hint Réponse % Correct
Ou se trouve l'oncle Joey ? En prison
87%
En VF, comment Lorène appelle-t-elle Marty ? Pierre Cardin
70%
Quel personnage change d'actrice entre le premier film et le deuxième Jennifer
64%
Dans le scénario original, que devait-être la machine à voyager dans le temps ? Frigo
63%
Que regardait Georges avant de se faire écraser selon Lorène ? Les oiseaux
53%
Et en VO ? Calvin Klein
48%
Complétez: "Tu fais comme dans l'infenterie et..." Tu te tires ailleurs
48%
Comment se nomme le café ou se rend marty en 2015 ? Café 80
45%
Quel métier les gens de 1955 pensent que Marty exerce ? Marin
40%
Quelle entreprise fabrique les HoverBoard ? Mattel
31%
Qui Chante "Power Of Love" ? Huey Lewis
30%
Quel groupe de musique joue dans la scène du bal dans le troisième vollet ? ZZ Top
27%
Quel est le nom du scénariste de Retour vers le futur ? Bob Gale
22%
Comment se nomme le fils de Marty ? Marty Mcfly Junior
18%
Quel est le nom de la voiture de rêve de Marty ? Toyota Pick-up SR5
13%
C'est quoi une rediffusion ? Tu le sauras bien assez tôt
13%
Qui a commencé a jouer Marty avant de se faire virer ? Eric Stoltz
6%
Dans quelle rue vit Marty ? Lyons Estate
5%
Qui fait la VF de Doc ? Pierre Hatet
5%
Comment se nomme le roman de Georges McFly ? A match made in Space
0%
Aucun quiz correspondant
Distribution des résultats
% des personnes avec chaque résultat
Percentile par nombre de réponses
Votre historique - résultats
Vous n’avez pas pris ce quiz